[Event "XLIV Sevilla Open 2019"]
[Site "Sevilla"]
[Date "2019.01.16"]
[Round "6"]
[White "Aguera Naredo, Javier"]
[Black "Vasquez Schroeder, Rodrigo"]
[Result "0-1"]
[WhiteElo "2345"]
[BlackElo "2499"]
[Annotator "TA"]
[PlyCount "146"]
[EventDate "2019.01.11"]
[EventType "swiss"]
[EventCountry "ESP"]
[SourceTitle "playchess.com"]
[Source "ChessBase"]
[SourceQuality "1"]

{[%evp 16,146,24,14,18,14,17,9,24,-12,-9,-9,-4,-33,-42,-43,-35,-30,11,11,11,5,2,8,10,4,6,6,16,37,45,16,53,19,23,22,43,19,18,22,22,21,32,0,0,0,0,0,0,0,3,0,0,0,0,0,8,8,8,0,9,0,0,0,0,0,0,0,0,0,0,0,7,8,7,7,7,7,7,0,7,0,16,0,8,0,22,0,0,0,0,0,7,0,27,0,0,0,0,0,0,0,0,0,0,-106,-106,-108,0,-5297,-6648,-29980,-29981,-29987,-1146,-29982,-29981,-29981,-29981,-29981,-29982,-29982,0,-29983,-29983,-29985,-29986,-29986,-29987,-29987,-29988,-29988,-29988]} 1. e4 e5 2. Bc4 Nf6 3. d3 Bc5 4. Nf3 d6 5. O-O O-O 6. c3 Bb6 7. Nbd2 {C24: Bishop's Opening: 2...Nf6} c6 8. Bb3 Nbd7 9. d4 {LiveBook: 5 Games. White has an edge.} (9. Re1 Re8 10. Nf1 Nf8 11. Ng3 Ng6 12. h3 h6 13. d4 Bd7 14. Bc2 c5 15. dxe5 dxe5 {½-½ (25) Alekseev,E (2700)-Gelfand,B (2741) Astrakhan 2010}) 9... h6 10. Re1 Re8 11. h3 $146 ({Predecessor:} 11. Qc2 Nf8 12. h3 Ng6 13. dxe5 dxe5 {0-1 (49) Koutroukis,A (1841)-Sandalakis,N (1892) Kallithea 2009}) 11... Bc7 12. dxe5 dxe5 13. Nc4 Qe7 14. Nh4 Nc5 15. Qf3 $1 Be6 16. Ne3 Bxb3 17. Nef5 $1 $36 {[%cal Rf5e7][%mdl 2048] White is pushing.} Qf8 $1 {[#]} 18. Nxh6+ $1 {[%mdl 512]} Kh8 (18... gxh6 19. Nf5) 19. axb3 Nxb3 20. Rb1 Nxc1 21. Rbxc1 Nh7 {aiming for ...Ng5.} 22. Ng4 $1 (22. Qxf7 Qxf7 23. Nxf7+ Kg8 $17) (22. Nxf7+ Kg8 $17) 22... g6 23. Rcd1 {Threatens to win with Rd7.} Rad8 24. Qe2 Qe7 25. Nf3 Ng5 26. Qe3 Nxf3+ 27. Qxf3 Bb6 28. g3 Kg7 29. h4 Qe6 30. Kg2 a5 31. Rh1 Rxd1 32. Rxd1 Rd8 33. Rxd8 Bxd8 34. Ne3 Qb3 35. h5 {Hoping for c4.} Qe6 36. hxg6 fxg6 37. Qd1 Bg5 38. Qd3 b5 39. Nf1 a4 40. Nh2 Be7 41. Nf3 Qd6 42. Qe3 Qc7 43. Nh2 Qd7 44. Qb6 a3 45. bxa3 Bxa3 46. Nf3 Bd6 47. Qe3 Qe7 48. Qb6 Qc7 49. Qe3 Be7 50. Nh2 Qd7 51. f3 c5 52. Ng4 {And now Qh6+ would win.} Qe6 53. Qh6+ Kg8 54. Ne3 b4 55. cxb4 cxb4 56. Nd5 Bf8 57. Qe3 Qa6 58. Qb3 Kh7 59. Qb2 (59. Nxb4 Qe2+ 60. Kh3 Qf1+ 61. Kh2 Bc5 62. Qf7+ Kh6 63. Qf8+ Bxf8 64. Nd3 Qxd3 65. Kh1 Qxf3+ 66. Kg1 Bc5+ 67. Kh2 Qxe4 68. g4 Qxg4 69. Kh1 Qh3#) 59... Bd6 60. Qb3 ({Avoid the trap} 60. Nxb4 $2 Qb5 $19) (60. Qd2 $11 Bc5 61. Qb2 (61. Nxb4 Bxb4 62. Qxb4 Qe2+ 63. Kh3 Qxf3 $11)) 60... Qe2+ $17 61. Kh3 {[#] Black must now prevent Nf6+.} Qf1+ (61... Kg7 $1 $17 62. Qe3 Qxe3 63. Nxe3 b3) 62. Kh2 $2 {[%mdl 8192]} (62. Kg4 $11 Qc1 63. Nf6+ Kh6 64. Qe6 (64. Ng8+ Kg7 $11)) 62... Bc5 $19 {( -> ...Qg1+)} 63. Nf6+ Kh6 64. Ng4+ Kg7 (64... Kh5 $142 65. Ne3 Qf2+ 66. Kh1 Bxe3 67. Qd1 Qxg3 68. f4+ Qg4 69. Qf1 b3 70. fxe5 b2 71. Kh2 Bf4+ 72. Qxf4 Qxf4+ 73. Kh1 b1=Q+ 74. Kg2 Qbf1#) 65. f4 Bg1+ 66. Kh1 Bd4+ 67. Kh2 Qg1+ 68. Kh3 Qh1+ 69. Nh2 {[#]} Bg1 $1 {Black mates.} 70. fxe5 Qxh2+ 71. Kg4 Qh5+ 72. Kf4 g5+ 73. Kf5 Qf7+ {Precision: White = 42%, Black = 73%.} 0-1

[Event "XLIV Sevilla Open 2019"]
[Site "Sevilla"]
[Date "2019.01.16"]
[Round "6"]
[White "Estremera Panos, Sergio"]
[Black "Grigoryan, Karen H."]
[Result "0-1"]
[WhiteElo "2310"]
[BlackElo "2557"]
[Annotator "TA"]
[PlyCount "134"]
[EventDate "2019.01.11"]
[EventType "swiss"]
[EventCountry "ESP"]
[SourceTitle "playchess.com"]
[Source "ChessBase"]
[SourceQuality "1"]

{[%evp 22,134,39,0,4,0,66,66,61,0,24,0,0,0,0,0,0,0,16,-26,10,-54,-48,-57,-26,-28,-12,-16,-18,-32,-14,-86,94,54,54,53,50,62,87,86,254,135,128,8,11,6,2,0,95,0,0,-8,-8,-8,-8,-8,-8,-8,-8,-8,-8,-8,0,-8,-8,-8,0,0,0,0,8,0,0,0,0,0,0,0,0,0,0,0,0,0,0,0,0,-8,-1,-8,-8,-8,0,-8,0,0,0,-8,0,-8,0,-8,-8,-8,-8,-8,-8,-8,-8,-8,-8,-8,-16,-3122,-3122]} 1. d4 Nf6 2. c4 e6 3. Nc3 Bb4 4. e3 b6 5. Bd2 Bb7 6. Nf3 O-O 7. Bd3 d5 8. cxd5 exd5 9. Rc1 Nbd7 10. O-O a6 {E52: Nimzo-Indian: Rubinstein: 4...0-0 5 Nf3 d5 6 Bd3 b6} (10... Be7 11. Be1 c5 12. Ne5 cxd4 13. Nxd7 Nxd7 14. exd4 Nb8 15. Bd2 Nc6 16. Bf4 g6 17. Bb5 Bf6 18. Ne2 {1-0 (65) Gupta,A (2588)-Vidit,S (2711) Douglas 2018}) 11. Ne5 Nxe5 12. dxe5 {LiveBook: 4 Games} Nd7 $1 {The position is equal.} 13. f4 Be7 $146 (13... Nc5 $11 14. Be2 d4) ({Predecessor:} 13... Nc5 14. Bc2 d4 15. Na4 Bxd2 16. Qxd2 Nxa4 17. Bxa4 dxe3 18. Qxe3 {1-0 (40) Sandipan,C (2535)-Stark,L (2374) Tegernsee 2018}) 14. Qc2 g6 15. e6 Nc5 16. exf7+ Rxf7 17. f5 $1 Nxd3 18. Qxd3 Qd6 19. Ne2 Re8 20. Ng3 Ref8 21. Bc3 (21. Rf4 $11) 21... c5 $15 22. Rf2 Qc6 23. Rcf1 Bg5 24. Be5 Bh6 25. h4 Bc8 26. h5 (26. Rf3 $11) 26... d4 $2 {[#]} (26... gxf5 $17 {and life is bright.} 27. Rf3 Qe6) 27. fxg6 (27. hxg6 {is interesting.} hxg6 28. f6 Kh7 29. exd4 cxd4 30. Qxd4 Qc5 31. Ne4) 27... hxg6 28. Rxf7 Rxf7 29. Rxf7 Kxf7 30. exd4 Qe6 $2 (30... cxd4 $16 31. hxg6+ (31. Bxd4 Bb7 $16) (31. Qxd4 Qc5 $11) 31... Qxg6 32. Qf3+ (32. Qxd4 Qg5 $16) 32... Ke8) 31. hxg6+ ({Only move:} 31. Ne4 $18) 31... Qxg6 $16 32. Qxg6+ (32. Ne4 $16 {And now Nd6+ would win.} Bf8 33. b4 (33. dxc5 Bxc5+ 34. Bd4 Be7 $16)) 32... Kxg6 $18 {[%mdl 4096] Endgame KBB-KBN} 33. Kf2 c4 34. Ne4 Bb7 (34... Bc1 $11 {remains equal.}) 35. Nc3 ({Better is} 35. Nd6 $16 Bd5 36. Nc8) 35... b5 36. g3 Bc1 37. Nd1 Kf5 38. Ke2 Be4 39. Bf4 Bxf4 40. gxf4 Kxf4 $11 {KB-KN} 41. Kd2 Bf3 42. Nc3 b4 43. Na4 $1 Bc6 44. Nc5 a5 45. a3 Bb5 46. axb4 axb4 47. Nb7 Ba6 48. Na5 Bb5 {Hoping for ...Ke4.} (48... Ke4 $5) 49. Nb7 $1 Kg5 50. Nd6 Ba6 51. Ke3 Kf6 52. Ne4+ Kf5 53. Nc5 Bb5 54. Ne4 Ke6 55. Nd2 Kd5 56. Ne4 Ba4 57. Nf6+ Ke6 58. Ne4 {[#] Threatens to win with Nc5+.} Kd5 59. Nf6+ Kc6 60. Kd2 Bb3 61. Ke3 Bc2 62. Kd2 Bf5 63. Kc1 Kd6 64. Kd2 Ke6 65. Nh5 Kd5 66. Ke3 c3 67. bxc3 $2 {[%mdl 8192]} (67. b3 $11) 67... b3 {Accuracy: White = 40%, Black = 43%.} 0-1

[Event "XLIV Sevilla Open 2019"]
[Site "Sevilla"]
[Date "2019.01.16"]
[Round "6"]
[White "Insa Alfonso, Pablo"]
[Black "Harutjunyan, Gevorg"]
[Result "1-0"]
[WhiteElo "2301"]
[BlackElo "2476"]
[Annotator "TA"]
[PlyCount "95"]
[EventDate "2019.01.11"]
[EventType "swiss"]
[EventCountry "ESP"]
[SourceTitle "playchess.com"]
[Source "ChessBase"]
[SourceQuality "1"]

{[%evp 9,95,6,50,8,41,39,50,39,61,33,47,49,34,27,42,29,59,18,29,24,25,21,22,18,26,-19,56,18,154,46,53,-10,-21,-8,23,27,81,84,41,-22,-18,-17,-29,-22,-14,-14,0,-37,0,0,20,30,20,27,54,45,396,383,392,386,389,386,456,408,578,572,552,513,1046,1053,1984,1989,3269,3152,3045,2888,3758,4315,29990,29985,5139,5622,2814,2591,2471,2444,29994,29995]} 1. e4 c5 2. Nf3 e6 3. d4 cxd4 4. Nxd4 a6 5. g3 {[%cal Bg2g3,Bg3g4][%mdl 32]} h5 {LiveBook: 3 Games} (5... Nf6 6. Bg2 Be7 7. O-O d6 8. c4 Bd7 9. b3 Nc6 10. Bb2 O-O 11. Nc3 Rc8 12. Rc1 Qa5 13. a4 Qb6 14. Nxc6 Bxc6 {1-0 (42) Zherebukh,Y (2636)-Hansen,E (2629) chess.com INT 2018}) 6. h3 {B41: Sicilian: Kan Variation: 5 c4} Qc7 7. Bg2 Nf6 8. O-O $146 {White is slightly better.} ({Predecessor:} 8. Nc3 Nc6 9. Nb3 Ne5 10. a3 Nc4 11. Nd2 Nxa3 12. b3 b5 13. Bxa3 b4 {0-1 (27) Greibrokk,I (1598)-Helin,M (1910) Helsingor 2013}) 8... Nc6 9. c4 h4 10. g4 $1 Nxd4 11. Qxd4 Bc5 12. Qd3 d6 13. Nc3 Nd7 14. b3 Ne5 15. Qe2 Bd7 16. Bb2 g5 17. a3 Rc8 (17... O-O-O $11) 18. Rad1 $14 Qb8 (18... Rg8 $11 {remains equal.}) 19. Nb1 (19. Qd2 $16) 19... Rg8 20. b4 ({Of course not} 20. Bxe5 dxe5 21. Qa2 Bc6 $15) (20. Qd2 $14 Bc6 21. Kh2) 20... Ba7 $11 21. Nd2 Ng6 22. e5 {[#] aiming for exd6.} Nf4 23. Qe4 Rg6 24. Qxb7 (24. exd6 $14 Bc6 25. d7+ Kxd7 26. Be5) 24... Nxh3+ 25. Kh2 Nxf2 26. Rxf2 ({Don't go for} 26. Qf3 $2 Rf6 $19) 26... Bxf2 27. Ne4 {[#]} Bg3+ $1 28. Kh3 (28. Nxg3 Qxb7) 28... Qxb7 (28... d5 $5 {[%cal Rb8b7]} 29. Nd6+ Kd8 30. cxd5 Qxb7 31. Nxb7+ Ke7 32. d6+ Ke8 $15) 29. Nxd6+ Ke7 30. Bxb7 Rc7 31. Bxa6 Ba4 32. Rf1 $36 {[%mdl 3072] White has compensation. White has some pressure.} Kf8 $2 {[%mdl 8192]} ({Black should play} 32... Bf4 $14) 33. b5 $18 Rd7 34. c5 f5 35. c6 Rh7 {Now ...Bf4 and Black clings on.} 36. Ne4 Bf4 (36... Rc7 {is a better defense.} 37. Bd4 Kf7 38. Nd6+ Ke7 39. gxf5 g4+ 40. Kg2 Rg5) 37. Nc5 fxg4+ 38. Kxg4 Bc2 (38... Bxb5 $142 39. Bxb5 h3) 39. b6 h3 40. c7 Rh4+ 41. Kf3 Kg7 42. c8=Q Bf5 43. b7 Rg4 44. Ne4 Rg2 45. Nf2 Rg3+ 46. Ke2 Re3+ 47. Kd1 g4 48. b8=Q {Precision: White = 62%, Black = 45%.} 1-0

[Event "XLIV Sevilla Open 2019"]
[Site "Sevilla"]
[Date "2019.01.16"]
[Round "6"]
[White "Silva Lucena, Cristian"]
[Black "Larino Nieto, David"]
[Result "0-1"]
[WhiteElo "2211"]
[BlackElo "2432"]
[Annotator "TA"]
[PlyCount "60"]
[EventDate "2019.01.11"]
[EventType "swiss"]
[EventCountry "ESP"]
[SourceTitle "playchess.com"]
[Source "ChessBase"]
[SourceQuality "1"]

{[%evp 26,60,-6,-32,-15,0,11,3,5,-8,-12,-38,-32,-36,-46,-40,-37,-19,-29,-30,4,18,24,21,35,-29,-33,-750,-718,-2132,-2029,-6287,-5592,-5377,-822,-29997,-97]} 1. e4 c5 2. Nf3 d6 3. Nc3 Nc6 4. d4 cxd4 5. Nxd4 Nf6 6. Bc4 e6 7. Be3 Be7 8. Qe2 a6 9. Bb3 Qc7 10. O-O-O b5 11. g4 Na5 12. g5 Nxb3+ 13. axb3 Nd7 14. h4 {LiveBook: 124 Games} Nc5 {B89: Sicilian: Velimirovic Attack} (14... b4 $5 {[%cal Rb4c3]} 15. Na4 Bb7 $15) (14... b4 15. Na4 Nc5 16. f3 Bd7 17. Kb1 g6 18. h5 e5 19. hxg6 fxg6 20. Qc4 exd4 21. Bxd4 Be6 22. Qxb4 O-O 23. Qc3 Qb7 24. Bxc5 dxc5 {0-1 (32) Nisipeanu,L (2647)-Popov,I (2599) Moscow 2012}) 15. b4 Na4 $1 {[%cal Ra4c3]} 16. Nxa4 bxa4 {The position is equal.} 17. h5 Rb8 18. g6 fxg6 19. hxg6 h6 $1 20. Bd2 $146 ({Predecessor:} 20. Qg4 Qc4 21. Bxh6 Bf6 22. Bxg7 Rxh1 23. Bxf6 Rxd1+ 24. Qxd1 {½-½ (50) Lindinger,M (2290)-Marxen,P (2265) Germany 1998}) 20... Bf6 21. Qd3 Bd7 22. f4 {[%cal Bf2f4,Bf4f5][%mdl 32]} O-O (22... Rc8 $5 {[%cal Rf6d4]} 23. c3 Qc4 24. Qxc4 Rxc4 $15) 23. f5 a3 24. bxa3 Rfc8 {[#] ...Bxd4 is the strong threat.} 25. c3 ({Much worse is} 25. fxe6 Ba4 $15) (25. Nxe6 $14 Bxe6 26. fxe6) 25... a5 $36 {[%mdl 2048] Threatens to win with ...axb4. Black is pushing.} 26. Kb2 $2 {[%mdl 8192]} (26. fxe6 $15 Be8 27. Kb2) 26... axb4 $19 27. axb4 {[#]} Rxb4+ $3 {[%mdl 512]} 28. cxb4 Bxd4+ $1 29. Kb3 Bb5 (29... exf5 $142 30. Bc3 Be6+ 31. Kc2 Bxc3) 30. Qxb5 Qc2+ {Precision: White = 34%, Black = 71%.} 0-1

[Event "XLIV Sevilla Open 2019"]
[Site "Sevilla"]
[Date "2019.01.16"]
[Round "6"]
[White "Priyanka Nutakki"]
[Black "Ertan, Can"]
[Result "1-0"]
[WhiteElo "2195"]
[BlackElo "2421"]
[Annotator "TA"]
[PlyCount "73"]
[EventDate "2019.01.11"]
[EventType "swiss"]
[EventCountry "ESP"]
[SourceTitle "playchess.com"]
[Source "ChessBase"]
[SourceQuality "1"]

{[%evp 19,73,1,4,6,25,14,28,17,85,86,87,56,65,72,66,64,72,71,88,77,76,78,74,96,83,13,93,89,696,-243,693,689,677,-249,0,0,672,662,654,650,815,804,829,790,1015,1015,1164,1145,1318,1310,1564,1552,29992,2575,29993,29994]} 1. c4 Nf6 2. Nc3 e6 3. Nf3 d5 4. e3 b6 5. b3 Bb7 6. Bb2 {A17: English Opening: 1...Nf6 with ...Bb4} Nbd7 7. Qc2 (7. d4 Bd6 8. Bd3 O-O 9. O-O a6 10. Rc1 Qe7 11. cxd5 exd5 12. Ne2 Ne4 13. Qc2 Rac8 14. Ng3 g6 15. Qe2 h5 16. Ne5 Nxe5 17. dxe5 Bxe5 18. Bxe5 Qxe5 19. Nxe4 dxe4 20. Bxa6 Bxa6 21. Qxa6 {½-½ (57) Harikrishna,P (2732)-Navara,D (2727) Prague 2018}) 7... Be7 8. d4 O-O 9. Bd3 c5 10. cxd5 exd5 {LiveBook: 7 Games} 11. O-O Rc8 12. Rad1 cxd4 $146 ({Predecessor:} 12... g6) 13. Nxd4 Ne4 (13... g6 $11) 14. Bxe4 $16 dxe4 15. Qb1 Ba6 16. Qxe4 {And now Nc6 would win.} Nf6 17. Qf3 $1 {Black must now prevent Nf5.} Bxf1 18. Nf5 $1 Bd3 {[#] Hoping for ...Bxf5!} 19. e4 $1 {[#]} Ba3 $1 20. Rxd3 (20. Bxa3 Rxc3) 20... Bxb2 21. Rxd8 Rcxd8 22. Qg3 $40 {[%mdl 128] White is up to no good.} (22. Ne7+ $16 Kh8 23. Ncd5) 22... Nh5 {[#]} (22... g6 $11 {remains equal.} 23. Ne7+ Kh8) 23. Qg5 $1 Bxc3 $4 {[%mdl 8192]} (23... g6 $16 24. Nd5 Nf6) 24. Nh6+ $1 $18 ({Inferior is} 24. Qxh5 Rd2 $15) 24... Kh8 {[%cal Rd8d1] [#]} 25. Nxf7+ $1 {[%mdl 512]} Kg8 {[%cal Rd8d1]} (25... Rxf7 26. Qxd8+) 26. Nh6+ Kh8 {[%cal Rd8d1] [#]} 27. Nf7+ $1 {[%mdl 512]} Kg8 {[%cal Rd8d1]} (27... Rxf7 28. Qxd8+) 28. Nxd8 {Threatening mate with Qd5+.} Nf4 29. Nc6 Rf6 30. Qb5 Rd6 31. h4 h6 32. Qc4+ Kh8 33. g3 Ne2+ 34. Kf1 b5 35. Qc5 Rd2 36. Qf8+ Kh7 37. Ne7 {Precision: White = 72%, Black = 37%.} 1-0

[Event "XLIV Sevilla Open 2019"]
[Site "Sevilla"]
[Date "2019.01.16"]
[Round "6"]
[White "Van Hoolandt, Patrick"]
[Black "Xu, Yi"]
[Result "0-1"]
[WhiteElo "2091"]
[BlackElo "2528"]
[Annotator "TA"]
[PlyCount "60"]
[EventDate "2019.01.11"]
[EventType "swiss"]
[EventCountry "ESP"]
[SourceTitle "playchess.com"]
[Source "ChessBase"]
[SourceQuality "1"]

{[%evp 22,60,24,2,0,-64,-61,-225,-225,-216,-228,-203,-219,-222,-207,-207,-191,-235,-233,-238,-230,-288,-284,-214,-183,-208,-209,-236,-233,-333,-327,-414,-408,-512,-487,-942,-877,-29990,-29991,-29994,-29995]} 1. d4 Nf6 2. c4 e6 3. Nf3 d5 4. Nc3 Bb4 5. Bg5 h6 6. Bxf6 Qxf6 7. Qb3 c5 8. cxd5 {D38: Queen's Gambit Declined: Ragozin Defence (4 Nf3 Bb4)} exd5 9. e3 Nc6 10. Bb5 Be6 11. dxc5 Bxc5 12. O-O {LiveBook: 6 Games} O-O $1 13. Nxd5 $146 (13. Rac1 $11) ({Predecessor:} 13. Rac1) 13... Qf5 $15 14. Rfd1 $2 {[#]} (14. Rac1 $15 Bd6 15. Rcd1) 14... Rad8 $19 {[%cal Re6d5]} 15. Bd3 Qxd5 16. Bh7+ Kxh7 17. Rxd5 Rxd5 18. Qxb7 Rfd8 19. Rf1 Ne5 20. Nxe5 Rxe5 21. b4 {[#] aiming for Qc7.} Bb6 22. a4 Rd7 23. Qc6 Red5 24. a5 Bd8 25. f4 (25. g3 $142) 25... Bf5 26. Re1 {Now e4 and White clings on.} Be4 27. Qc4 f5 28. g4 (28. Kf2 $142 Rc7 29. Qb3) 28... Rd2 29. Qe6 Rg2+ 30. Kf1 Rdd2 {Precision: White = 22%, Black = 100%.} 0-1

[Event "XLIV Sevilla Open 2019"]
[Site "Sevilla"]
[Date "2019.01.16"]
[Round "6"]
[White "Cuellar Montes, Alejandro"]
[Black "Pogorelov, Ruslan"]
[Result "0-1"]
[WhiteElo "2064"]
[BlackElo "2357"]
[Annotator "NA"]
[PlyCount "76"]
[EventDate "2019.01.11"]
[EventType "swiss"]
[EventCountry "ESP"]
[SourceTitle "playchess.com"]
[Source "ChessBase"]
[SourceQuality "1"]
[TimeControl "5400+30"]

1. d4 {[%emt 0:00:00]} Nf6 {[%emt 0:00:11]} 2. c4 {[%emt 0:00:00]} e6 {[%emt 0:00:04]} 3. Nc3 {[%emt 0:00:00]} Bb4 {[%emt 0:00:07]} 4. e3 {[%emt 0:00:00]} Bxc3+ {[%emt 0:01:14]} 5. bxc3 {[%emt 0:00:03]} c5 {[%emt 0:00:41]} 6. Bd3 {[%emt 0:00:14]} d6 {[%emt 0:00:08]} 7. Nf3 {[%emt 0:01:13]} Nc6 {[%emt 0:00:11]} 8. O-O {[%emt 0:03:19]} O-O {[%emt 0:00:46]} 9. e4 {[%emt 0:01:50]} e5 {[%emt 0:00:09]} 10. d5 {[%emt 0:00:25]} Ne7 {[%emt 0:00:08]} 11. Ne1 {[%emt 0:01:21]} Ng6 {[%emt 0:00:57]} 12. g3 {[%emt 0:01:05]} Bh3 {[%emt 0:00:40]} 13. Ng2 {[%emt 0:00:13]} Ne8 {[%emt 0:16:20]} 14. Qc2 {[%emt 0:13:17]} Qd7 {[%emt 0:00:58]} 15. Re1 {[%emt 0:04:21]} f5 {[%emt 0:00:54]} 16. exf5 {[%emt 0:00:14]} Bxf5 {[%emt 0:00:16]} 17. Bxf5 {[%emt 0:01:21]} Rxf5 {[%emt 0:05:34]} 18. Rb1 {[%emt 0:08:40]} Rf7 {[%emt 0:00:39]} 19. Qe2 {[%emt 0:13:13]} Nf6 {[%emt 0:01:22]} 20. Bg5 {[%emt 0:09:43]} Raf8 {[%emt 0:00:40]} 21. f3 {[%emt 0:03:30]} Ne8 {[%emt 0:11:20]} 22. Rf1 {[%emt 0:01:17]} b6 {[%emt 0:02:44]} 23. Rbe1 {[%emt 0:02:15]} Qh3 {[%emt 0:04:43]} 24. Bd2 {[%emt 0:13:12]} Nf6 {[%emt 0:07:37]} 25. Ne3 {[%emt 0:03:36]} h6 {[%emt 0:07:21]} 26. Qg2 {[%emt 0:04:13]} Qd7 {[%emt 0:00:25]} 27. Bc1 {[%emt 0:01:43]} Nh7 {[%emt 0:02:06]} 28. Qc2 {[%emt 0:02:40]} Ne7 {[%emt 0:00:18]} 29. Qe2 {[%emt 0:07:35]} Ng5 {[%emt 0:03:26]} 30. f4 {[%emt 0:03:36]} exf4 {[%emt 0:00:09]} 31. gxf4 {[%emt 0:00:25]} Nh3+ {[%emt 0:01:04]} 32. Kh1 {[%emt 0:00:04]} Nxf4 {[%emt 0:01:25]} 33. Qg4 {[%emt 0:01:21]} Qxg4 {[%emt 0:00:19]} 34. Nxg4 {[%emt 0:00:04]} Neg6 {[%emt 0:00:22]} 35. Rg1 {[%emt 0:00:56]} Kh7 {[%emt 0:01:04]} 36. Re4 {[%emt 0:00:30]} Nh3 {[%emt 0:07:23]} 37. Rg3 {[%emt 0:00:29]} Rf1+ {[%emt 0:00:20]} 38. Kg2 {[%emt 0:00:12]} Rxc1 {[%emt 0:00:12]} 0-1